Esa sangre

Guardat en:
Dades bibliogràfiques
Autor principal: Azuela, Mariano (Autor)
Format: Llibre
Idioma:espanyol
Publicat: Ciudad de México Fondo de Cultura Económica 1956
Col·lecció:Letras Mexicanas, 24
Matèries:
Etiquetes: Afegir etiqueta
Sense etiquetes, Sigues el primer a etiquetar aquest registre!

MARC

LEADER 00000nam a2200000 a 4500
001 UCT8525
003 CL-VaPUC
008 970326e19560000MX |||||||||||||||||spa|d
082 0 4 |a Me863  |b AZU  |2 21 
100 0 |a Azuela, Mariano  |e author  |9 376822 
245 1 0 |a Esa sangre 
300 |a 196 p 
942 |c BK 
945 |d 19970326 00:00:00  |a rleighto 
260 |a Ciudad de México  |b Fondo de Cultura Económica  |c 1956 
650 0 |a Novelas mexicanas  |9 317570 
583 |a last modification  |c 19970326 00:00:00  |k Rodrigo Vera 
490 0 |a Letras Mexicanas, 24 
999 |c 257017  |d 257015 
952 |0 0  |1 0  |4 0  |6 ME_863_000000000000000_AZU_1956  |7 0  |8 A  |9 280224  |a BIBEDU  |b BIBEDU  |d 2019-11-19  |i 3296466  |o Me863 AZU 1956  |p 3296466  |r 2019-11-19  |w 2019-11-19  |y BK  |k LIT